00442cam a22001097a 4500008004000000082001400040100001800054245016100072260003500233300000900268700005500277180718b1971 xxu||||| |||| 00| 0 eng d aT393 Un3c aRobson, Peter aCurrent problems of economic integration: fiscal compensation and the disribution of benefits in economic groupings of developing countriescby Peter Robson aNew YorkbUnited Nationsc1971 a39+p aUnited Nations Conference on Trade and Development